| 000 | 00405nam a2200145Ia 4500 | ||
|---|---|---|---|
| 008 | 240729s9999 xx 000 0 und d | ||
| 022 | _a2224-4719 | ||
| 245 | 4 | _aThe Iraqi Journal of Medical Sciences | |
| 260 | _aIraq | ||
| 260 | _bAl-Nahrain University/College of medicine | ||
| 650 | _aMedicine | ||
| 856 | _uhttps://doaj.org/toc/229716632f8a4b03ad56291ff2c45b1a | ||
| 942 | _2ddc | ||
| 942 | _cDOAJEJ | ||
| 999 |
_c66847 _d66847 |
||
| 945 |
_a1 _bMadushi Gamage _c1 _dMadushi Gamage |
||